Mezinárodní ekonomie : (výklad textu a příklady) /

Hlavní autor: Soukup, Alexandr, 1957-
Korporativní autor: Česká zemědělská univerzita v Praze. Katedra ekonomických teorií
Jazyk: Čeština
Vydáno: V Praze : Česká zemědělská univerzita, 2009
Vydání: Vyd. 1.
Témata:
Fyzický popis: 130 s. : il. ; 29 cm
Knihy
Uloženo v:
LEADER 02154cam a2200553 a 4500
001 nkc20081833362
003 CZ PrNK
005 20090715132854.0
007 ta
008 090206s2009 xr a e p 000 0 cze d
015 |a cnb001833362 
020 |a 978-80-213-1866-3  |q (brož.) :  |c Kč 83,00 
035 |a (OCoLC)428364521 
040 |a KLG001  |b cze  |d BOA001  |d ABA001 
072 7 |a 339.7/.9  |x Světová ekonomika a mezinárodní finance  |2 Konspekt  |9 4 
072 7 |a 37.016  |x Učební osnovy. Vyučovací předměty. Učebnice  |2 Konspekt  |9 22 
080 |a 330.8  |2 MRF 
080 |a 339.5  |2 MRF 
080 |a 339.7  |2 MRF 
080 |a 339.9  |2 MRF 
080 |a (075.8)  |2 MRF 
080 |a (076.5)  |2 MRF 
100 1 |a Soukup, Alexandr,  |d 1957-  |7 jn20010309854  |4 aut 
245 1 0 |a Mezinárodní ekonomie :  |b (výklad textu a příklady) /  |c Alexandr Soukup 
250 |a Vyd. 1. 
260 |a V Praze :  |b Česká zemědělská univerzita,  |c 2009 
300 |a 130 s. :  |b il. ;  |c 29 cm 
500 |a Pod názvem: Česká zemědělská univerzita v Praze, Provozně ekonomická fakulta, katedra ekonomických teorií 
500 |a 300 výt. 
504 |a Obsahuje bibliografii a bibliografické odkazy 
521 8 |a Určeno pro posluchače všech oborů PEF 
650 0 7 |a ekonomické teorie  |7 ph114428  |2 czenas 
650 0 7 |a mezinárodní obchod  |7 ph115283  |2 czenas 
650 0 7 |a mezinárodní finance  |7 ph115281  |2 czenas 
650 0 7 |a světová ekonomika  |7 ph116359  |2 czenas 
650 0 9 |a economics (theory)  |2 eczenas 
650 0 9 |a international trade  |2 eczenas 
650 0 9 |a international finance  |2 eczenas 
650 0 9 |a world economics  |2 eczenas 
655 7 |a učebnice vysokých škol  |7 fd133772  |2 czenas 
655 7 |a praktická cvičení  |7 fd133118  |2 czenas 
655 9 |a textbooks (higher)  |2 eczenas 
655 9 |a problems, exercises, etc  |2 eczenas 
710 2 |a Česká zemědělská univerzita v Praze.  |b Katedra ekonomických teorií  |7 mzk2004240243 
910 2 |a BOA001  |b 4-1221.370 
990 |a BK 
995 |a 01 
991 |b 200904  |c NOV 
996 6 |b 2610374119  |c 4-1221.370  |l MZK  |r Sklad / do 1 hodiny  |n 1  |p p.v.  |w 000935966  |u 000010  |a 1  |e BOA001  |j MZK50  |s P